Tablas útiles para la industria lechera /
Guardado en:
| Formato: | Libro |
|---|---|
| Publicado: |
Buenos Aires :
Proconas, 0
|
| Materias: | |
| Etiquetas: |
Agregar Etiqueta
Sin Etiquetas, Sea el primero en etiquetar este registro!
|
| LEADER | 00450nam a22001575a 4500 | ||
|---|---|---|---|
| 001 | CEM.cems015650 | ||
| 005 | 20100805175800.0 | ||
| 008 | 130507b######################000#0#####d | ||
| 003 | CEMS | ||
| 082 | 0 | 4 | |a 637.083 |
| 245 | 0 | 0 | |a Tablas útiles para la industria lechera / |c , |
| 260 | |a Buenos Aires : |b Proconas, 0 | ||
| 300 | |a 10 p. | ||
| 653 | |a Industrias lácteas | ||
| 653 | |a Leche-tablas | ||
| 859 | |a CEMS |b BIB. CEMS - Agricultura |h 637.083 |i T114 |p A11953.83 |t Ej.1 | ||
